000 00597nam a22001457a 4500
999 _c60813
_d60813
005 20231024172049.0
008 231024s1966 ru ||||| |||| 00| 0 rus d
041 _arus
080 _a821.124'02(091) B-74
245 _aВопросы античной литературы и классической филологии.
264 _aМосква :
_bНаука.
_c1966.
300 _a536 стр.:
_b22 см.
653 _aანტიკური ლიტერატურისა და კლასიკური ფილოლოგიის საკითხები
942 _2udc
_cBK